[Event "CAN-ch"]
[Site "Richmond CAN"]
[Date "2002.03.31"]
[Round "11.9"]
[White "Zubac, Marius"]
[Black "Huber, Greg"]
[Result "1/2-1/2"]
[WhiteElo "2231"]
[BlackElo "2303"]
[PlyCount "87"]
[EventDate "2002.03.21"]
[EventType "swiss"]
[EventRounds "11"]
[EventCountry "CAN"]

1. d4 Nf6 2. c4 c5 3. d5 e6 4. Nc3 exd5 5. cxd5 d6 6. e4 g6 7. Bd3 Bg7 8. Nge2
O-O 9. O-O Ng4 10. h3 Ne5 11. Bc2 Nbd7 12. f4 Nc4 13. Qd3 Na5 14. Kh1 a6 15. a4
c4 16. Qf3 Nc5 17. Be3 Nab3 18. Rad1 f5 19. exf5 Bxf5 20. Bxf5 Rxf5 21. Ng3 Rf7
22. Qg4 Qd7 23. f5 Kh8 24. Qxc4 gxf5 25. Rf3 Re8 26. Nh5 Be5 27. Rdf1 Rg8 28.
g4 f4 29. Bxf4 Bxf4 30. Rxf4 Rgf8 31. Nf6 Qe7 32. g5 Nd2 33. Qd4 Ncb3 34. Qd3
Nxf1 35. Rxf1 Rxf6 36. gxf6 Rxf6 37. Rxf6 Qxf6 38. Ne4 Qxb2 39. Qf3 Qa1+ 40.
Kh2 Qe5+ 41. Ng3 Qb2+ 42. Kh1 Qb1+ 43. Kg2 Qb2+ 44. Kh1 1/2-1/2

[Event "CAN-ch"]
[Site "Richmond CAN"]
[Date "2002.03.31"]
[Round "11.10"]
[White "Gardner, Robert"]
[Black "Divljan, Igor"]
[Result "1-0"]
[WhiteElo "2268"]
[BlackElo "2242"]
[PlyCount "141"]
[EventDate "2002.03.21"]
[EventType "swiss"]
[EventRounds "11"]
[EventCountry "CAN"]

1. e4 c5 2. Nf3 e6 3. d4 cxd4 4. Nxd4 Nc6 5. Nb5 d6 6. Bf4 e5 7. Be3 a6 8. N5c3
Be6 9. Nd2 Nf6 10. Nc4 b5 11. Nb6 Rb8 12. Nbd5 Bxd5 13. Nxd5 Nxd5 14. Qxd5 Qc7
15. c3 Be7 16. a4 Qb7 17. b4 O-O 18. Bd3 Rfc8 19. O-O Nd8 20. Qb3 Qc6 21. Rfc1
Ne6 22. axb5 axb5 23. c4 Nd4 24. Qb2 bxc4 25. Rxc4 Qb6 26. Rxc8+ Rxc8 27. b5
Rb8 28. h3 h6 29. Qc1 Qc5 30. Qxc5 dxc5 31. Ra7 Kf8 32. Bc4 g5 33. Ra6 Nxb5 34.
Rxh6 Kg7 35. Rc6 Nd4 36. Rc7 Kf8 37. Kh2 Rb6 38. Kg3 Rc6 39. Rxc6 Nxc6 40. Kg4
f6 41. Kf5 Kg7 42. Ke6 Bf8 43. Kd5 Nb4+ 44. Ke6 Kg6 45. g3 Nc2 46. Bc1 Nd4+ 47.
Kd5 Nc2 48. Bb5 Kf7 49. Ba4 Nd4 50. Ba3 Ne6 51. Bd7 Nc7+ 52. Kc4 Na6 53. Bb5
Nb4 54. Bc1 Ke6 55. Ba4 Be7 56. f3 Bd8 57. Be3 Bb6 58. h4 gxh4 59. gxh4 f5 60.
exf5+ Kxf5 61. h5 Bd8 62. Bxc5 Na6 63. Bf8 Bf6 64. Bd7+ Kg5 65. h6 Kg6 66. Kb5
Nb8 67. Be8+ Kh7 68. Kb6 e4 69. fxe4 Be5 70. Kb7 Bf4 71. Bg7 1-0

[Event "CAN-ch"]
[Site "Richmond CAN"]
[Date "2002.03.31"]
[Round "11.11"]
[White "Poitras, Luc"]
[Black "Sokourinski, Sergei"]
[Result "0-1"]
[WhiteElo "2221"]
[BlackElo "2266"]
[PlyCount "62"]
[EventDate "2002.03.21"]
[EventType "swiss"]
[EventRounds "11"]
[EventCountry "CAN"]

1. e4 d5 2. exd5 Nf6 3. d4 Nxd5 4. c4 Nb6 5. Nc3 e5 6. dxe5 Qxd1+ 7. Nxd1 Nc6
8. Nf3 Bg4 9. Be2 O-O-O 10. Bf4 Bxf3 11. Bxf3 Bb4+ 12. Kf1 Nxc4 13. Bxc6 bxc6
14. a3 Bd2 15. Ne3 Bxe3 16. fxe3 Rd2 17. b3 Nxa3 18. h4 Rhd8 19. Rh3 Rb2 20. e4
Nb1 21. Kg1 Rd4 22. e6 fxe6 23. Be5 Rd1+ 24. Kh2 Re2 25. Rxa7 Rxe4 26. Bxg7 Nd2
27. Rc3 Rxh4+ 28. Kg3 Rb4 29. Rxc6 Rxb3+ 30. Kf2 Ne4+ 31. Ke2 Rd2+ 0-1

[Event "CAN-ch"]
[Site "Richmond CAN"]
[Date "2002.03.31"]
[Round "11.12"]
[White "Patterson, Roger"]
[Black "Salcedo, Daniel"]
[Result "1-0"]
[WhiteElo "2214"]
[BlackElo "2158"]
[PlyCount "79"]
[EventDate "2002.03.21"]
[EventType "swiss"]
[EventRounds "11"]
[EventCountry "CAN"]

1. e4 e5 2. Nf3 Nc6 3. Bb5 a6 4. Ba4 b5 5. Bb3 Nf6 6. O-O Be7 7. Re1 O-O 8. a4
Bb7 9. d3 d6 10. c3 Nb8 11. Nbd2 Nbd7 12. Bc2 c5 13. Nf1 Qc7 14. Ng3 Rfc8 15.
Nf5 Nf8 16. N3h4 Ne6 17. Nxe7+ Qxe7 18. Nf5 Qc7 19. g3 g5 20. Qf3 Ne8 21. Qg4
Nf6 22. Nh6+ Kg7 23. Qf3 Ne8 24. Nf5+ Kg8 25. h4 f6 26. Qg4 Qd8 27. Nh6+ Kg7
28. Qxe6 Kxh6 29. hxg5+ Kg7 30. Qg4 Kh8 31. Kg2 Rc7 32. axb5 axb5 33. Rxa8 Bxa8
34. gxf6 Qxf6 35. Bg5 Qg6 36. Rh1 Ng7 37. Rh6 Qf7 38. Rxd6 Bc6 39. Bf6 Bd7 40.
Qg5 1-0

[Event "CAN-ch"]
[Site "Richmond CAN"]
[Date "2002.03.31"]
[Round "11.13"]
[White "Milicevic, Dragoljub"]
[Black "Kret, Ted"]
[Result "0-1"]
[WhiteElo "2323"]
[BlackElo "2190"]
[PlyCount "76"]
[EventDate "2002.03.21"]
[EventType "swiss"]
[EventRounds "11"]
[EventCountry "CAN"]

1. Nf3 Nf6 2. g3 b6 3. Bg2 Bb7 4. c4 c5 5. O-O e6 6. Re1 d6 7. Nc3 a6 8. e4 Qc7
9. d4 cxd4 10. Qxd4 Nbd7 11. b3 Be7 12. Bb2 O-O 13. Rad1 Rfd8 14. h3 Rac8 15.
Qe3 Qb8 16. Nd4 Ne5 17. f4 Nc6 18. Nxc6 Bxc6 19. Kh2 b5 20. cxb5 axb5 21. Qd4
Bf8 22. g4 b4 23. Ne2 h6 24. Qe3 Nd7 25. h4 Qa8 26. Ra1 e5 27. a4 Nf6 28. Bh3
Bxe4 29. Rac1 Rxc1 30. Rxc1 Bf3 31. g5 exf4 32. Nxf4 hxg5 33. Bxf6 gxf4 34.
Qxf4 Re8 35. Kg3 Bh5 36. Bg2 d5 37. Bd4 Qd8 38. Rc6 Be7 0-1

[Event "CAN-ch"]
[Site "Richmond CAN"]
[Date "2002.03.31"]
[Round "11.14"]
[White "Bogle, Bill"]
[Black "Haessel, Dale"]
[Result "0-1"]
[WhiteElo "2164"]
[BlackElo "2263"]
[PlyCount "80"]
[EventDate "2002.03.21"]
[EventType "swiss"]
[EventRounds "11"]
[EventCountry "CAN"]

1. e4 c5 2. Nf3 d6 3. d4 cxd4 4. Nxd4 Nf6 5. Nc3 a6 6. Be2 e5 7. Nb3 Be7 8. Be3
Be6 9. O-O O-O 10. Nd5 Nxd5 11. exd5 Bf5 12. a4 Nd7 13. a5 Bg5 14. f4 Bh6 15.
Qd2 Re8 16. c4 Nf6 17. Bf3 Ng4 18. Bxg4 Bxg4 19. fxe5 Bxe3+ 20. Qxe3 Rxe5 21.
Qf4 Qd7 22. Nc5 Qe7 23. Qxg4 dxc5 24. Qg3 Re8 25. Rad1 Re4 26. d6 Qd7 27. b3
R8e6 28. Rfe1 Rxe1+ 29. Rxe1 Rxe1+ 30. Qxe1 Qxd6 31. Qe8+ Qf8 32. Qd7 Qb8 33.
g3 g6 34. Kf2 h5 35. Kf3 Kg7 36. Kg2 Kf6 37. Kf3 h4 38. Kg2 Qe5 39. Qxb7 Qe2+
40. Kg1 h3 0-1

[Event "CAN-ch"]
[Site "Richmond CAN"]
[Date "2002.03.31"]
[Round "11.15"]
[White "Sladek, Vaclav"]
[Black "Leblanc, Paul"]
[Result "1-0"]
[WhiteElo "2085"]
[BlackElo "2085"]
[PlyCount "67"]
[EventDate "2002.03.21"]
[EventType "swiss"]
[EventRounds "11"]
[EventCountry "CAN"]

1. d4 d5 2. Nf3 Nf6 3. c4 c6 4. Nc3 a6 5. a4 Bf5 6. Bg5 e6 7. e3 Nbd7 8. cxd5
cxd5 9. Bd3 Bg4 10. h3 Bh5 11. Be2 Bb4 12. O-O O-O 13. Rc1 Qa5 14. Bxf6 Nxf6
15. Ne5 Bxc3 16. g4 Bxb2 17. Rc5 Qd8 18. Qb3 Bxd4 19. exd4 Bg6 20. Nxg6 hxg6
21. Qxb7 Ne4 22. Rc7 Qf6 23. Kg2 Qxd4 24. f3 Nc3 25. Bxa6 Nxa4 26. Rxf7 Rxf7
27. Qxa8+ Kh7 28. Qe8 Rf6 29. Bc8 Nc5 30. h4 e5 31. h5 Qd3 32. hxg6+ Rxg6 33.
Rh1+ Rh6 34. Bf5+ 1-0

[Event "CAN-ch"]
[Site "Richmond CAN"]
[Date "2002.03.31"]
[Round "11.16"]
[White "Hladek, David"]
[Black "Yousefzadeh, Mehrdad"]
[Result "1/2-1/2"]
[WhiteElo "2063"]
[BlackElo "2024"]
[PlyCount "99"]
[EventDate "2002.03.21"]
[EventType "swiss"]
[EventRounds "11"]
[EventCountry "CAN"]

1. e4 Nf6 2. e5 Nd5 3. d4 d6 4. Nf3 Bf5 5. Bd3 Bxd3 6. Qxd3 Nc6 7. c4 Nb6 8.
exd6 exd6 9. O-O d5 10. Re1+ Be7 11. c5 Nd7 12. Nc3 Nf6 13. Ne5 O-O 14. Nxc6
bxc6 15. Bg5 h6 16. Bh4 Re8 17. Re2 g5 18. Bg3 Qd7 19. Rae1 Bf8 20. Qf3 Ne4 21.
Be5 f5 22. Qh5 Re6 23. f3 Nxc3 24. bxc3 Rae8 25. h4 Qf7 26. Qxf7+ Kxf7 27. hxg5
hxg5 28. Kf1 R8e7 29. g4 fxg4 30. fxg4 Rh6 31. Rf2+ Ke8 32. Kg2 Rh4 33. Re3
Rxg4+ 34. Rg3 Rxg3+ 35. Kxg3 Rf7 36. Rb2 Kd7 37. Rb7 Ke6 38. Rxa7 Bxc5 39. Rxc7
Rxc7 40. Bxc7 Ba3 41. Kg4 Kd7 42. Ba5 Bc1 43. Bb4 Bd2 44. a4 Kc7 45. Kf5 Kb7
46. Kg4 Ka6 47. Kf5 Kb6 48. Kg4 Kc7 49. Kf5 Kd7 50. Kg4 1/2-1/2

[Event "CAN-ch U20 2002"]
[Site "Winnipeg CAN"]
[Date "2002.01.02"]
[Round "1"]
[White "Charter, Bennet"]
[Black "Cameron, Kirk"]
[Result "1-0"]
[WhiteElo "1827"]
[BlackElo "934"]
[PlyCount "63"]
[EventDate "2002.01.02"]
[EventType "swiss"]
[EventRounds "8"]
[EventCountry "CAN"]

1. e4 e5 2. Nf3 d6 3. Bc4 Bg4 4. Nc3 Nd7 5. O-O Ngf6 6. d3 a6 7. Bg5 h6 8. Bh4
b5 9. Bd5 Ra7 10. Bc6 g5 11. Bg3 h5 12. h3 h4 13. Bh2 Bxf3 14. Qxf3 Bg7 15. Qe3
Qb8 16. Qxg5 Rh7 17. Nd5 Kf8 18. Bxd7 Nxd7 19. Qf5 Nf6 20. Nxf6 Bxf6 21. Qxh7
Ke7 22. Rfe1 Ra8 23. Re3 Qb6 24. Rf3 Qd4 25. c3 Qa4 26. Qf5 Qc2 27. Qxf6+ Kd7
28. Qxf7+ Kc6 29. Qd5+ Kd7 30. Rf7+ Ke8 31. Qe6+ Kd8 32. Qd7# 1-0

[Event "CAN-ch U20 2002"]
[Site "Winnipeg CAN"]
[Date "2002.01.02"]
[Round "1"]
[White "Davies, Lucas"]
[Black "Strehlow, Chris"]
[Result "1-0"]
[WhiteElo "1919"]
[BlackElo "1608"]
[PlyCount "102"]
[EventDate "2002.01.02"]
[EventType "swiss"]
[EventRounds "8"]
[EventCountry "CAN"]

1. e4 e5 2. Nf3 Nc6 3. Bc4 Nf6 4. d3 d5 5. exd5 Nxd5 6. c3 Bg4 7. h3 Bh5 8. O-O
Nf6 9. Bg5 e4 10. dxe4 Qxd1 11. Rxd1 Be7 12. Bb5 O-O 13. Bxc6 bxc6 14. e5 Bxf3
15. gxf3 Nd5 16. Bxe7 Nxe7 17. Nd2 Ng6 18. Nc4 Rfe8 19. Rd7 Rac8 20. Re1 Nf4
21. Kh2 Nd5 22. e6 fxe6 23. Na5 Nf6 24. Rd2 c5 25. Nb3 Rb8 26. Nxc5 Nd5 27.
Rxe6 Rxe6 28. Nxe6 Re8 29. Rxd5 Rxe6 30. Rd8+ Kf7 31. Rd7+ Kf6 32. Rxc7 Re2 33.
Rb7 Rxf2+ 34. Kg3 Rc2 35. a4 a5 36. Rb5 h6 37. b4 Rxc3 38. Rxa5 Rc4 39. b5 Ke6
40. Ra7 Kd6 41. Rxg7 Rxa4 42. Rg6+ Kc5 43. Rxh6 Kxb5 44. f4 Kc5 45. Kg4 Kd5 46.
Kg5 Ra5 47. f5 Ke5 48. Re6+ Kd5 49. Re8 Kd6 50. Kg6 Kd7 51. Re3 Ra8 1-0

[Event "CAN-ch U20 2002"]
[Site "Winnipeg CAN"]
[Date "2002.01.02"]
[Round "1"]
[White "Davies, Noam"]
[Black "Charbonneau, Anne-Marie"]
[Result "0-1"]
[WhiteElo "1670"]
[BlackElo "1925"]
[PlyCount "70"]
[EventDate "2002.01.02"]
[EventType "swiss"]
[EventRounds "8"]
[EventCountry "CAN"]

1. e4 c5 2. Nf3 d6 3. d4 cxd4 4. Nxd4 Nf6 5. Nc3 e6 6. Nb3 Be7 7. Be3 Nc6 8.
Be2 O-O 9. O-O a6 10. a4 b6 11. f4 Bb7 12. Bf3 Qc7 13. Qe1 Rab8 14. Qf2 Ba8 15.
g4 Rfe8 16. Nd4 Nxd4 17. Bxd4 e5 18. Be3 exf4 19. Bxf4 Bf8 20. Rfe1 Qc4 21. Qg2
b5 22. g5 Nd7 23. axb5 axb5 24. Red1 b4 25. Nd5 Nb6 26. Rxa8 Nxa8 27. Nf6+ gxf6
28. gxf6+ Kh8 29. Bxd6 Bh6 30. Bxb8 Rxb8 31. Kh1 Rg8 32. Qh3 Be3 33. e5 Qxc2
34. Qd7 Qf2 35. Bg4 Bf4 0-1

[Event "CAN-ch U20 2002"]
[Site "Winnipeg CAN"]
[Date "2002.01.02"]
[Round "1"]
[White "Jiganchine, Roman"]
[Black "Kazmaier, Daniel"]
[Result "1-0"]
[WhiteElo "2245"]
[BlackElo "1772"]
[PlyCount "38"]
[EventDate "2002.01.02"]
[EventType "swiss"]
[EventRounds "8"]
[EventCountry "CAN"]

1. e4 c5 2. c3 d5 3. exd5 Qxd5 4. d4 cxd4 5. cxd4 Nc6 6. Nf3 e5 7. Nc3 Bb4 8.
Bd2 Bxc3 9. Bxc3 exd4 10. Nxd4 Nf6 11. Qe2+ Qe4 12. Nxc6 Qxe2+ 13. Bxe2 bxc6
14. Bf3 Bd7 15. O-O-O O-O-O 16. Bxf6 gxf6 17. Rd6 Kc7 18. Rxf6 Be6 19. b3 Rd2
1-0

[Event "CAN-ch U20 2002"]
[Site "Winnipeg CAN"]
[Date "2002.01.02"]
[Round "1"]
[White "Lafreniere, Adrian"]
[Black "Wang, Hao Yuan"]
[Result "0-1"]
[WhiteElo "1721"]
[BlackElo "2219"]
[PlyCount "60"]
[EventDate "2002.01.02"]
[EventType "swiss"]
[EventRounds "8"]
[EventCountry "CAN"]

1. e4 c5 2. Nf3 d6 3. b3 Nf6 4. Nc3 g6 5. Bb2 Bg7 6. Bb5+ Bd7 7. Bxd7+ Nbxd7 8.
d4 cxd4 9. Nxd4 O-O 10. O-O Rc8 11. Rc1 Qa5 12. Qd3 Rfd8 13. Rfe1 a6 14. h3 Nc5
15. Qe3 e5 16. Nf3 Ne6 17. g3 Nd4 18. a4 Bh6 19. Qd3 Bxc1 20. Rxc1 Rxc3 21.
Bxc3 Qxc3 22. Nxd4 Qxd4 23. Qxd4 exd4 24. Rd1 Nxe4 25. Rd3 f5 26. Rxd4 Kf7 27.
Kg2 Ke6 28. Rc4 d5 29. Rc7 Rd7 30. Rc8 Kd6 0-1

[Event "CAN-ch U20 2002"]
[Site "Winnipeg CAN"]
[Date "2002.01.02"]
[Round "1"]
[White "Lipnowski, Michael"]
[Black "Raheb, David"]
[Result "1-0"]
[WhiteElo "1799"]
[BlackElo "2248"]
[PlyCount "153"]
[EventDate "2002.01.02"]
[EventType "swiss"]
[EventRounds "8"]
[EventCountry "CAN"]

1. d4 Nf6 2. c4 e6 3. Nf3 c5 4. d5 exd5 5. cxd5 d6 6. e4 g6 7. Bd3 Bg7 8. O-O
O-O 9. h3 Re8 10. Re1 a6 11. a4 Nbd7 12. Bf4 c4 13. Bc2 Nc5 14. Nc3 Nh5 15. Bh2
Qb6 16. Ra2 Be5 17. Bxe5 dxe5 18. Nd2 Qb4 19. Qe2 Nd3 20. Rb1 Nhf4 21. Qe3 Bd7
22. a5 Rac8 23. Ba4 Bb5 24. Bxb5 axb5 25. Qb6 Ne2+ 26. Nxe2 Qxd2 27. d6 Red8
28. Nc3 Nb4 29. Rd1 Qg5 30. Raa1 Nd3 31. Nd5 Kg7 32. Qxb7 Nxb2 33. Qe7 Qxe7 34.
dxe7 Re8 35. Rd2 Nd3 36. a6 Nc5 37. Nb6 c3 38. Rc2 b4 39. Nxc8 Rxc8 40. a7 Ra8
41. e8=Q Rxe8 42. a8=Q Rxa8 43. Rxa8 Ne6 44. Rb8 Nd4 45. Rxb4 Nxc2 46. Rc4 Nd4
47. f4 c2 48. Kf2 exf4 49. e5 g5 50. Ke1 Kg6 51. Kd2 c1=Q+ 52. Kxc1 Ne6 53. Ra4
Nc5 54. Ra3 Kf5 55. Rc3 Ne6 56. Rc8 h5 57. Rh8 Kg6 58. Kd2 g4 59. Kd3 Ng5 60.
h4 Ne6 61. Ke4 g3 62. Rg8+ Kh7 63. Re8 Kg7 64. Re7 Kg6 65. Rxe6+ fxe6 66. Kxf4
Kh6 67. Kxg3 Kg6 68. Kf4 Kh6 69. g4 Kg6 70. gxh5+ Kxh5 71. Kg3 Kh6 72. Kg4 Kg6
73. h5+ Kh6 74. Kh4 Kh7 75. Kg5 Kg7 76. h6+ Kh7 77. Kf6 1-0

[Event "CAN-ch U20 2002"]
[Site "Winnipeg CAN"]
[Date "2002.01.02"]
[Round "1"]
[White "Lipnowski, Samuel"]
[Black "Vincent, Trevor"]
[Result "1-0"]
[WhiteElo "2035"]
[BlackElo "1694"]
[PlyCount "41"]
[EventDate "2002.01.02"]
[EventType "swiss"]
[EventRounds "8"]
[EventCountry "CAN"]

1. e4 c5 2. Nf3 Nc6 3. Bb5 g6 4. O-O Bg7 5. Re1 e5 6. c3 Nge7 7. d4 cxd4 8.
cxd4 Nxd4 9. Nxd4 exd4 10. Bg5 Qa5 11. Na3 Nc6 12. Nc4 Qc7 13. Qd2 Ne5 14. Qb4
Bf8 15. Qb3 Bg7 16. Qa3 Bf8 17. Qg3 Bg7 18. Rac1 a6 19. Ne3 Qa5 20. Nd5 axb5
21. Nf6+ 1-0

[Event "CAN-ch U20 2002"]
[Site "Winnipeg CAN"]
[Date "2002.01.02"]
[Round "1"]
[White "Moskvitch, Andrei"]
[Black "Mu, Yuchen"]
[Result "1/2-1/2"]
[WhiteElo "2200"]
[BlackElo "1720"]
[PlyCount "128"]
[EventDate "2002.01.02"]
[EventType "swiss"]
[EventRounds "8"]
[EventCountry "CAN"]

1. e4 c5 2. Nf3 d6 3. d4 cxd4 4. Nxd4 Nf6 5. Nc3 g6 6. Be3 Bg7 7. f3 O-O 8. Qd2
Nc6 9. O-O-O d5 10. Kb1 Nxd4 11. e5 Nxf3 12. gxf3 Nh5 13. f4 Bg4 14. Be2 Bxe2
15. Nxe2 e6 16. Bc5 Re8 17. Ng3 Nxg3 18. hxg3 Bf8 19. Bxf8 Rxf8 20. Qh2 h5 21.
g4 h4 22. f5 g5 23. f6 Kh7 24. Qd2 Rg8 25. Qd3+ Kh8 26. Qg3 Rg6 27. Rxh4+ gxh4
28. Qxh4+ Kg8 29. Rh1 Kf8 30. Qh8+ Rg8 31. Qh7 Qc7 32. Qh6+ Ke8 33. Qh7 Rf8 34.
Qg7 Kd7 35. Re1 Rac8 36. Qh7 Qa5 37. Rd1 Qa4 38. g5 Qg4 39. Qd3 Qc4 40. Qd2 Rc6
41. Re1 Kc8 42. g6 fxg6 43. a3 g5 44. c3 Qf4 45. Qg2 g4 46. Ka1 Qf3 47. Qd2 Qg3
48. Re2 Rc7 49. Qd4 Kb8 50. Qb4 Qg1+ 51. Ka2 Qc5 52. Qxg4 Qc4+ 53. Qxc4 Rxc4
54. Kb3 Kc7 55. Kc2 Kc6 56. Kd3 Rf4 57. Rg2 Kc5 58. b4+ Kb5 59. Rg7 Kc6 60. Re7
Rh4 61. Rxe6+ Kc7 62. Re7+ Kc6 63. Re6+ Kc7 64. Re7+ Kc6 1/2-1/2

[Event "CAN-ch U20 2002"]
[Site "Winnipeg CAN"]
[Date "2002.01.02"]
[Round "1"]
[White "Strub, Michael"]
[Black "Gushuliak, Justin"]
[Result "0-1"]
[WhiteElo "1719"]
[BlackElo "2076"]
[PlyCount "110"]
[EventDate "2002.01.02"]
[EventType "swiss"]
[EventRounds "8"]
[EventCountry "CAN"]

1. d4 e6 2. c4 b6 3. Nf3 Bb7 4. g3 Bxf3 5. exf3 c5 6. d5 g6 7. Nc3 Bg7 8. Qc2
Ne7 9. Bg2 Nf5 10. f4 Nd4 11. Qa4 exd5 12. Nxd5 Nbc6 13. Be3 O-O 14. Rb1 a6 15.
Qd1 b5 16. b3 Qa5+ 17. Qd2 Nc2+ 18. Kd1 Na3 19. Qxa5 Nxa5 20. Ne7+ Kh8 21. Bxa8
Nxb1 22. Bd5 Bd4 23. Bxd4+ cxd4 24. cxb5 axb5 25. Kc2 Nc3 26. Kd3 Re8 27. Re1
Nxd5 28. Nxg6+ hxg6 29. Rxe8+ Kg7 30. Kxd4 Nc7 31. Rc8 Ne6+ 32. Kd5 Nb7 33. Rb8
Nc7+ 34. Ke5 f6+ 35. Kd4 Ne6+ 36. Kc3 Nec5 37. Kb4 Na6+ 38. Kxb5 Nxb8 39. Kb6
d5 40. Kxb7 d4 41. Kxb8 d3 42. a4 d2 43. a5 d1=Q 44. a6 Qxb3+ 45. Kc7 Qc4+ 46.
Kb6 Qc8 47. a7 Kh6 48. g4 f5 49. h3 Kg7 50. g5 Kf7 51. h4 Ke6 52. f3 Kd6 53. h5
gxh5 54. g6 Qc6+ 55. Ka5 Kc5 0-1

[Event "CAN-ch U20 2002"]
[Site "Winnipeg CAN"]
[Date "2002.01.02"]
[Round "2"]
[White "Cameron, Kirk"]
[Black "Strub, Michael"]
[Result "0-1"]
[WhiteElo "934"]
[BlackElo "1719"]
[PlyCount "102"]
[EventDate "2002.01.02"]
[EventType "swiss"]
[EventRounds "8"]
[EventCountry "CAN"]

1. d4 d5 2. Nf3 e6 3. Nc3 c5 4. e4 dxe4 5. Nxe4 b6 6. Neg5 Nc6 7. Bb5 Bd7 8. c3
h6 9. Ne4 a6 10. Bd3 cxd4 11. cxd4 Be7 12. Bd2 Nf6 13. a3 O-O 14. Bc3 b5 15. b4
Nd5 16. Qb3 Nf4 17. Bc2 Nxg2+ 18. Kd1 Nf4 19. Rg1 Nd5 20. Bb2 a5 21. Nc5 axb4
22. axb4 Rxa1+ 23. Bxa1 Ncxb4 24. Ne5 Nxc2 25. Qxc2 Bc8 26. Qd2 Bg5 27. Qc2 Qa5
28. Nb3 Qc7 29. Nc5 Bb7 30. Ned7 Rd8 31. Ne5 Ra8 32. Qb2 Qa5 33. Nb3 Qa2 34.
Nf3 Qxb2 35. Bxb2 Nc3+ 36. Bxc3 Bxf3+ 37. Kc2 Ra2+ 38. Kd3 Bd5 39. Nc5 Rxf2 40.
Rb1 Rf3+ 41. Kc2 Bc4 42. Ne4 Bd3+ 43. Kd1 Rf1+ 44. Be1 Bxb1 45. Nc3 Bh4 46.
Nxb1 Rxe1+ 47. Kc2 Rxb1 48. Kxb1 f5 49. Kc2 f4 50. Kd3 f3 51. Ke4 f2 0-1

[Event "CAN-ch U20 2002"]
[Site "Winnipeg CAN"]
[Date "2002.01.02"]
[Round "2"]
[White "Candow, John"]
[Black "Davies, Noam"]
[Result "0-1"]
[WhiteElo "1819"]
[BlackElo "1670"]
[PlyCount "62"]
[EventDate "2002.01.02"]
[EventType "swiss"]
[EventRounds "8"]
[EventCountry "CAN"]

1. d4 Nf6 2. c4 g6 3. Nc3 d5 4. cxd5 Nxd5 5. e4 Nxc3 6. bxc3 Bg7 7. Be3 c5 8.
Nf3 O-O 9. Rc1 cxd4 10. cxd4 b6 11. Qd2 Bb7 12. Bd3 Nd7 13. Bh6 Nf6 14. e5 Nd5
15. h4 f6 16. h5 g5 17. Bxg7 Kxg7 18. h6+ Kf7 19. Bxh7 Nf4 20. g3 Bxf3 21. gxf4
Bxh1 22. fxg5 fxg5 23. Qxg5 Ke8 24. e6 Qd5 25. Qg6+ Kd8 26. Kf1 Qxd4 27. Qc2
Qc5 28. Qd2+ Qd6 29. Qe2 Bf3 30. Qc4 Bd5 31. Qg4 Qf4 0-1

[Event "CAN-ch U20 2002"]
[Site "Winnipeg CAN"]
[Date "2002.01.02"]
[Round "2"]
[White "Gushuliak, Justin"]
[Black "Charter, Bennet"]
[Result "1/2-1/2"]
[WhiteElo "2076"]
[BlackElo "1827"]
[PlyCount "31"]
[EventDate "2002.01.02"]
[EventType "swiss"]
[EventRounds "8"]
[EventCountry "CAN"]

1. e4 e6 2. d4 d5 3. e5 c5 4. c3 Nc6 5. g3 Nge7 6. Ne2 cxd4 7. cxd4 Nf5 8. Bh3
Qb6 9. Bxf5 exf5 10. Nbc3 Be6 11. Rb1 Be7 12. Be3 O-O 13. O-O Rac8 14. Qd2 Qd8
15. Rfc1 f6 16. Nf4 1/2-1/2

[Event "CAN-ch U20 2002"]
[Site "Winnipeg CAN"]
[Date "2002.01.02"]
[Round "2"]
[White "Kazmaier, Daniel"]
[Black "Kwiatek, Jordan"]
[Result "1/2-1/2"]
[WhiteElo "1774"]
[BlackElo "1399"]
[PlyCount "91"]
[EventDate "2002.01.02"]
[EventType "swiss"]
[EventRounds "8"]
[EventCountry "CAN"]

1. e4 c5 2. Nf3 d6 3. d4 cxd4 4. Nxd4 Nf6 5. Nc3 a6 6. Bc4 e6 7. O-O b5 8. Bd3
Bb7 9. Re1 Qc7 10. f4 Nc6 11. Nxc6 Qxc6 12. Qe2 Qc7 13. e5 Nd7 14. exd6 Bxd6
15. Qg4 O-O 16. f5 Bxh2+ 17. Kh1 Ne5 18. Qh3 Nxd3 19. cxd3 Be5 20. Ne4 Bd5 21.
f6 Bxe4 22. Rxe4 Bxf6 23. Bh6 Bxb2 24. Rf1 gxh6 25. Qxh6 Kh8 26. Rh4 f6 27. Rb1
Ba3 28. Rf1 Qg7 29. Qe3 Rae8 30. Rf3 Qg5 31. Rxh7+ Kxh7 32. Rh3+ Kg8 33. Rg3
Qxg3 34. Qxg3+ Kf7 35. d4 Bb2 36. Qc7+ Re7 37. Qd6 Ra7 38. d5 Rh8+ 39. Kg1 Bd4+
40. Kf1 e5 41. Qe6+ Kg6 42. Qg4+ Kf7 43. Qe6+ Kg7 44. Qg4+ Kh7 45. Qf5+ Kg7 46.
Qg4+ 1/2-1/2

[Event "CAN-ch U20 2002"]
[Site "Winnipeg CAN"]
[Date "2002.01.02"]
[Round "2"]
[White "Moskvitch, Andrei"]
[Black "Lipnowski, Michael"]
[Result "1-0"]
[WhiteElo "2200"]
[BlackElo "1799"]
[PlyCount "77"]
[EventDate "2002.01.02"]
[EventType "swiss"]
[EventRounds "8"]
[EventCountry "CAN"]

1. e4 c5 2. Nf3 e6 3. d4 cxd4 4. Nxd4 Nf6 5. Nc3 d6 6. Be2 Be7 7. O-O a6 8. a4
Qc7 9. Kh1 O-O 10. f4 Nc6 11. Be3 Re8 12. Bf3 Bd7 13. Nb3 Na5 14. Nxa5 Qxa5 15.
Bd2 Qc7 16. e5 dxe5 17. fxe5 Qxe5 18. Bxb7 Ra7 19. Bf4 Qc5 20. Qf3 Qb6 21. Be4
Bc5 22. Bg5 Bd4 23. Rad1 Bc8 24. Rxd4 Qxd4 25. Be3 Qd7 26. Bc6 Qe7 27. Bxe8
Nxe8 28. Bxa7 Qxa7 29. Qf2 Qc7 30. Ne4 Bb7 31. Nc5 Nf6 32. Nxb7 Qxb7 33. Qf3
Qc8 34. c4 h6 35. Qc3 Qc6 36. a5 Ne4 37. Qd4 f5 38. b4 Nd6 39. Qc5 1-0

[Event "CAN-ch U20 2002"]
[Site "Winnipeg CAN"]
[Date "2002.01.02"]
[Round "2"]
[White "Mu, Yuchen"]
[Black "Raheb, David"]
[Result "0-1"]
[WhiteElo "1720"]
[BlackElo "2248"]
[PlyCount "34"]
[EventDate "2002.01.02"]
[EventType "swiss"]
[EventRounds "8"]
[EventCountry "CAN"]

1. e4 c5 2. f4 d5 3. exd5 Nf6 4. c4 e6 5. dxe6 Bxe6 6. Nf3 Nc6 7. Be2 Bd6 8. d3
Qc7 9. d4 cxd4 10. Nxd4 Nxd4 11. Qxd4 O-O 12. Be3 Bb4+ 13. Nd2 Rad8 14. Qxa7
Ne4 15. Rd1 Nxd2 16. Bxd2 Rxd2 17. Qa4 Rxb2+ 0-1

[Event "CAN-ch U20 2002"]
[Site "Winnipeg CAN"]
[Date "2002.01.02"]
[Round "2"]
[White "Strehlow, Chris"]
[Black "Lafreniere, Adrian"]
[Result "1-0"]
[WhiteElo "1608"]
[BlackElo "1721"]
[PlyCount "43"]
[EventDate "2002.01.02"]
[EventType "swiss"]
[EventRounds "8"]
[EventCountry "CAN"]

1. e4 e6 2. d4 g6 3. Nf3 Bg7 4. c3 Ne7 5. Bg5 d6 6. g3 Bd7 7. Bg2 Bb5 8. Na3
Ba6 9. Qa4+ Nd7 10. c4 c5 11. e5 h6 12. exd6 hxg5 13. dxe7 Qxe7 14. dxc5 Bxb2
15. Rd1 Bc3+ 16. Nd2 Qxc5 17. O-O Qe5 18. Nf3 Qc7 19. Nxg5 Rd8 20. Ne4 Be5 21.
Rd3 Qc6 22. Nf6+ 1-0

[Event "CAN-ch U20 2002"]
[Site "Winnipeg CAN"]
[Date "2002.01.02"]
[Round "2"]
[White "Vincent, Trevor"]
[Black "Eshleman, Brandon"]
[Result "1-0"]
[WhiteElo "1694"]
[BlackElo "1826"]
[PlyCount "91"]
[EventDate "2002.01.02"]
[EventType "swiss"]
[EventRounds "8"]
[EventCountry "CAN"]

1. c4 e5 2. Nc3 Nf6 3. g3 c6 4. Bg2 d5 5. cxd5 cxd5 6. d3 Be6 7. Nf3 Nc6 8. O-O
Bc5 9. Qa4 O-O 10. Nxe5 Nxe5 11. d4 Bd6 12. dxe5 Bxe5 13. Bg5 d4 14. Ne4 h6 15.
Bxf6 Bxf6 16. Rad1 Be7 17. b3 f5 18. Rxd4 Qb6 19. Nc3 Bc5 20. Nd5 Bxd5 21. Rxd5
Rf6 22. Qc4 Bxf2+ 23. Rxf2 Kh8 24. Qc5 Qa6 25. a4 Rc6 26. Qb5 Rc1+ 27. Bf1 Qe6
28. Rdxf5 Qe3 29. Qd3 Qb6 30. e3 Rcc8 31. Rf7 Rg8 32. Rd7 Rae8 33. Rd4 Re6 34.
Bg2 Rge8 35. e4 Rc8 36. Bh3 Rc1+ 37. Kg2 Re8 38. Rd6 Qc7 39. Qd4 Qe7 40. Rxh6+
Kg8 41. Be6+ Qxe6 42. Rxe6 Rxe6 43. Qd5 Rcc6 44. b4 Kh7 45. b5 Red6 46. Qf5+
1-0

[Event "CAN-ch U20 2002"]
[Site "Winnipeg CAN"]
[Date "2002.01.02"]
[Round "2"]
[White "Wang, Hao Yuan"]
[Black "Davies, Lucas"]
[Result "1/2-1/2"]
[WhiteElo "2219"]
[BlackElo "1919"]
[PlyCount "27"]
[EventDate "2002.01.02"]
[EventType "swiss"]
[EventRounds "8"]
[EventCountry "CAN"]

1. e4 c6 2. d4 d5 3. exd5 cxd5 4. Bd3 Nc6 5. c3 Nf6 6. Bg5 Bg4 7. Qb3 Qd7 8.
Nd2 Bh5 9. Ngf3 e6 10. Ne5 Qc7 11. f4 Bd6 12. O-O Bg6 13. Bb5 Ne4 14. Nxe4
1/2-1/2